000 02220nam a22002057a 4500
005 20220412125657.0
008 220411b ||||| |||| 00| 0 eng d
020 _a9780349702704
040 _cAL
041 _aeng
082 _223
_a813.6
_bGUAA
100 _aJakob Guanzon
_929164
245 _aAbundance
260 _aLondon
_bDialogue Books
_c2021
300 _a278p.
_bPB
_c21.6x13.5cm.
365 _2General
_a6320
_b₹623.22
_c
_d₹799.00
_e22%
_f08-03-2022
520 _aEvicted from their trailer on New Year’s Eve, Henry and his son, Junior, have been reduced to living out of a pick-up truck. Six months later, things are even more desperate. Henry, barely a year out of prison for pushing opioids, is down to his last pocketful of dollars, and little remains between him and the street. But hope is on the horizon: Today is Junior’s birthday, and Henry has a job interview tomorrow. To celebrate, Henry treats Junior to dinner at McDonald’s, followed by a night in a real bed at a discount motel. For a moment, as Junior watches TV and Henry practices for his interview in the bathtub, all seems well. But after Henry has a disastrous altercation in the parking lot and Junior succumbs to a fever, father and son are sent into the night, struggling to hold things together and make it through tomorrow. In an ingenious structural approach, Jakob Guanzon organizes Abundance by the amount of cash in Henry’s pocket. A new chapter starts with each debit and credit, and the novel expands and contracts, revealing the extent to which the quality of our attention is altered by the abundance-or lack thereof-that surrounds us. Set in an America of big-box stores and fast food, this incandescent debut novel trawls the fluorescent aisles of Walmart and the booths of Red Lobster to reveal the inequities and anxieties around work, debt, addiction, incarceration, and health care in America today. ‘A tense, yet tender portrait of a father and son trying to escape life on the margin. Determination and despair collide in this unforgettable debut, with an ending that broke my heart.’ Douglas Stewart, author of Shuggie Bain
650 _2Fiction
_aAmerican Fiction
_929165
942 _2ddc
_cBK
999 _c222343
_d222343